El sastrecillo valiente

محفوظ في:
التفاصيل البيبلوغرافية
المؤلف الرئيسي: Grimm, Jacob Ludwig Karl (مؤلف)
التنسيق: كتاب
اللغة:الإسبانية
منشور في: Buenos Aires Sigmar 1958
سلاسل:Colección mosaico infantil
الموضوعات:
الوسوم: إضافة وسم
لا توجد وسوم, كن أول من يضع وسما على هذه التسجيلة!

MARC

LEADER 00000nam a2200000 a 4500
001 UCW4423
003 CL-VaPUC
008 900405e19580000AG |||||||||||||||||spa|d
082 0 4 |a 808.068  |b GRI  |2 21 
100 |a Grimm, Jacob Ludwig Karl  |e author  |9 596364 
245 1 3 |a El sastrecillo valiente 
300 |a 18 p 
942 |c BK 
945 |d 19900405 00:00:00 
260 |a Buenos Aires  |b Sigmar  |c 1958 
650 0 |a Cuentos infantiles  |9 308044 
650 0 |a Literatura infantil   |9 307465 
583 |a last modification  |c 19900405 00:00:00  |k Rodrigo Vera 
490 0 |a Colección mosaico infantil 
999 |c 218170  |d 218168